000 00708nam a2200229 a 4500
001 000036827
003 OSt
005 20201110122412.0
008 100215s2011 dr 000 0 spa d
020 _a9789945408614
040 _aDO-SdBNP
_bspa
_cBNPHU
082 _axxxx
_bH557b
100 1 _aHernández, Jesús
_95470
245 1 0 _aBiblioteca Antillense Salesiana :
_bpaso a paso 2011 /
_cP. Jesús Hernández, s.d.b.
260 _aSanto Domingo :
_bArgos,
_c2011.
300 _a96 p. ;
_c22 cm.
590 _aInventariado, 2020 / DG
650 4 _aBiblioteca
_zRepública Dominicana
_935176
650 4 _aBiblioteca antillense salesiana
_935177
910 _aInventariado, 2020 / DG
942 _2ddc
_cLBS1
999 _c36318
_d36318